LECCIONES DE METAFISICA (Registro nro. 43121)
[ vista simple ]
| 000 -LEADER | |
|---|---|
| fixed length control field | 00890nam a2200205 a 4500 |
| 001 - CONTROL NUMBER | |
| control field | 43121 |
| 005 - DATE AND TIME OF LATEST TRANSACTION | |
| control field | 20180714021531.0 |
| 008 - FIXED-LENGTH DATA ELEMENTS--GENERAL INFORMATION | |
| fixed length control field | 140415s1992 sp 000 0 spa d |
| 020 ## - INTERNATIONAL STANDARD BOOK NUMBER | |
| International Standard Book Number | 8432129232 |
| 041 ## - LANGUAGE CODE | |
| Language code of text/sound track or separate title | spa |
| 082 ## - DEWEY DECIMAL CLASSIFICATION NUMBER | |
| Classification number | 110 |
| Item number | FOR |
| 100 1# - MAIN ENTRY--PERSONAL NAME | |
| Personal name | Forment Giralt, Eudaldo,. |
| 245 10 - TITLE STATEMENT | |
| Title | LECCIONES DE METAFISICA |
| 250 ## - EDITION STATEMENT | |
| Edition statement | 1a ed. |
| 260 ## - PUBLICATION, DISTRIBUTION, ETC. | |
| Place of publication, distribution, etc. | ESPAÑA : |
| Name of publisher, distributor, etc. | RIALP, |
| Date of publication, distribution, etc. | 1992 |
| 300 ## - PHYSICAL DESCRIPTION | |
| Extent | 374 |
| Dimensions | x 16 x 23 |
| 520 ## - SUMMARY, ETC. | |
| Summary, etc. | ES UN MANUAL UNIVERSITARIO DEDICADO AL ESTUDIO PORMENORIZADO DE LAS CUESTIONES CENTRALES DE LA METAFISICA. SU ELABORACION HA SIDO ORIENTADA SEGUN LAS DIRECTRICES DEL NUEVO PLAN DE ESTUDIOS DE LAS FACULTADES DE FILOSOFIA Y LETRAS. LA METAFISICA ES UNA MATERIA TRONCAL CUYO CONTENIDO DEBE ARTICULARSE COMO UN ESTUDIO HISTORICO Y SISTEMATICO DE LAS GRANDES INTERPRETACIONES DEL MUNDO. |
| 650 14 - SUBJECT ADDED ENTRY--TOPICAL TERM | |
| Topical term or geographic name entry element | METAFISICA |
| 700 1# - ADDED ENTRY--PERSONAL NAME | |
| Personal name | LOBATO, ABELARDO |
| Relator term | pról. |
| Withdrawn status | Lost status | Source of classification or shelving scheme | Damaged status | Not for loan | Collection code | Home library | Current library | Shelving location | Date acquired | Source of acquisition | Inventory number | Total Checkouts | Full call number | Barcode | Date last seen | Date last checked out | Price effective from | Koha item type |
|---|---|---|---|---|---|---|---|---|---|---|---|---|---|---|---|---|---|---|
| Dewey Decimal Classification | General | Biblioteca Karol Wojtyla | Biblioteca Karol Wojtyla | Sala general | 03/12/2013 | Compra | 151000000000000000060497 | 110 FOR | 64950 | 05/01/2026 | 13/04/2018 | 03/12/2013 | Libro | |||||
| Dewey Decimal Classification | General | Biblioteca Karol Wojtyla | Biblioteca Karol Wojtyla | Sala general | 03/12/2013 | Compra | 151000000000000000060496 | 2 | 110 FOR | 64939 | 05/01/2026 | 22/10/2025 | 03/12/2013 | Libro |